Tản Đà - Nguyễn Khắc Hiếu, Á Nam - Trần Tuấn Khải
.
Αποθηκεύτηκε σε:
| Μορφή: | Βιβλίο |
|---|---|
| Γλώσσα: | Vietnamese |
| Έκδοση: |
TP. Hồ Chí Minh
Nxb. Văn nghệ TP. Hồ Chí Minh
1997
|
| Σειρά: | Tử sách Văn học trong nhà trường
|
| Θέματα: | |
| Ετικέτες: |
Προσθήκη ετικέτας
Δεν υπάρχουν, Καταχωρήστε ετικέτα πρώτοι!
|
| Thư viện lưu trữ: | Mạng thư viện Đại học Đà Nẵng |
|---|
| LEADER | 01071nam a2200313 4500 | ||
|---|---|---|---|
| 001 | 000014360 | ||
| 003 | 10725 | ||
| 005 | 20120425160425.0 | ||
| 008 | 120425s1997 viesd | ||
| 020 | |c 10500đ | ||
| 041 | 0 | |a vie | |
| 082 | |a 895.92209 |b Tan | ||
| 245 | 0 | |a Tản Đà - Nguyễn Khắc Hiếu, Á Nam - Trần Tuấn Khải | |
| 260 | |a TP. Hồ Chí Minh |b Nxb. Văn nghệ TP. Hồ Chí Minh |c 1997 | ||
| 300 | |a 192tr |c 19cm | ||
| 490 | |a Tử sách Văn học trong nhà trường | ||
| 520 | |a . | ||
| 653 | |a Tản Đà - Nguyễn Khắc Hiếu | ||
| 653 | |a Á Nam - Trần Tuấn Khải | ||
| OWN | |a LSP | ||
| AVA | |a UDN50 |b LSP |d 895.92209 Tan |e available |t Error 5001 Not defined in file expand_doc_bib_avail. |f 3 |g 0 |h N |i 0 |k 1 | ||
| 999 | |a From the UDN01 | ||
| AVA | |a UDN50 |b LSP |d 895.92209 Tan |e available |t Error 5001 Not defined in file expand_doc_bib_avail. |f 3 |g 0 |h N |i 0 |k 1 | ||
| TYP | |a Monograph | ||
| TYP | |a Printed language | ||
| 980 | |a Mạng thư viện Đại học Đà Nẵng | ||